书目信息 |
| 题名: |
初学中国结
|
|
| 作者: | 周琦 编著 | |
| 分册: | ||
| 出版信息: | 杭州 浙江科学技术出版社 2002 |
|
| 页数: | 148页 | |
| 开本: | 20cm | |
| 丛书名: | 精致手艺 | |
| 单 册: | ||
| 中图分类: | J523.4 | |
| 科图分类: | ||
| 主题词: | 编织--工艺美术--中国 | |
| 电子资源: | ||
| ISBN: | 7-5341-1832-8 | |
| 000 | 00628nam2 2200229 45 | |
| 001 | 002183134 | |
| 005 | 20041208103350.4 | |
| 010 | @a7-5341-1832-8@dCNY16.00 | |
| 100 | @a20021101d2002 em y0chiy0110 ea | |
| 101 | 0 | @achi |
| 102 | @aCN@b330000 | |
| 105 | @aa z 000yy | |
| 200 | 1 | @a初学中国结@AChu Xue Zhong Guo Jie@f周琦编著@FZhou Qi Bian Zhu |
| 210 | @a杭州@c浙江科学技术出版社@d2002 | |
| 215 | @a148页@c图@d20cm | |
| 225 | 2 | @a精致手艺 |
| 410 | @12001 @a精致手艺 | |
| 606 | 0 | @a编织@x工艺美术@x中国 |
| 690 | @aJ523.4@v4 | |
| 701 | 0 | @a周琦@4编著 |
| 801 | @aCN@bTSTC@c20030416 | |
| 905 | @b322879-883@dJ523.4@e74@f5 | |
| 初学中国结/周琦编著.-杭州:浙江科学技术出版社,2002 |
| 148页:图;20cm.-(精致手艺) |
| ISBN 7-5341-1832-8:CNY16.00 |
| ● |
| 相关链接 |
|
|
|
|
正题名:初学中国结
索取号:J523.4/74
 
预约/预借
| 序号 | 登录号 | 条形码 | 馆藏地/架位号 | 状态 | 备注 |
| 1 | 0322879 | 203228792 | 第一借阅区/ [索取号:J523.4/74] | 在馆 | |
| 2 | 0322880 | 203228809 | 第一借阅区/ [索取号:J523.4/74] | 在馆 | |
| 3 | 0322881 | 203228818 | 第一借阅区/ [索取号:J523.4/74] | 在馆 | |
| 4 | 0322882 | 203228827 | 第一借阅区/ [索取号:J523.4/74] | 在馆 | |
| 5 | 0322883 | 203228836 | 第一样本阅览室/ [索取号:J523.4/74] | 在馆 |